|
|
|
|
| LEADER |
00000nam0a2200000 4500 |
| 001 |
349796 |
| 005 |
20231102010234.0 |
| 035 |
|
|
|a (RuTPU)RU\TPU\retro\2750
|
| 035 |
|
|
|a RU\TPU\book\351163
|
| 090 |
|
|
|a 349796
|
| 100 |
|
|
|a 20180903d1932 k y0rusy50 ca
|
| 101 |
1 |
|
|a rus
|c ger
|
| 102 |
|
|
|a RU
|
| 105 |
|
|
|a y z 001zy
|
| 200 |
1 |
|
|a Анти-Дюринг. Переворот в науке, произведенный господином Евгением Дюрингом
|f Ф. Энгельс
|
| 205 |
|
|
|a 6-е изд.
|
| 210 |
|
|
|a Москва
|c Партиздат
|d 1932
|
| 215 |
|
|
|a 304 с.
|
| 316 |
|
|
|5 63413507: КР-5747
|a На обложке и титульном листе владельческая подпись "Бутаков"
|
| 317 |
|
|
|5 63413507: КР-5747
|a Поступила в НТБ в 1970 г. в составе книжного собрания профессора ТПИ И. Н. Бутакова
|
| 320 |
|
|
|a Указатель имен: с. 300-302
|
| 320 |
|
|
|a Предм. указ.: с. 293-299
|
| 606 |
1 |
|
|a Энгельс Ф.
|x Отдельные произведения
|2 stltpush
|3 (RuTPU)RU\TPU\subj\39702
|
| 606 |
1 |
|
|a Капитализм
|x Политическая экономия
|2 stltpush
|3 (RuTPU)RU\TPU\subj\36245
|9 57695
|
| 610 |
1 |
|
|a марксизм
|
| 610 |
1 |
|
|a классики
|
| 610 |
1 |
|
|a наука
|
| 610 |
1 |
|
|a произведения
|
| 610 |
1 |
|
|a естествознание
|
| 610 |
1 |
|
|a естественные науки
|
| 610 |
1 |
|
|a философские проблемы
|
| 610 |
1 |
|
|a натурфилософия
|
| 610 |
1 |
|
|a капитал
|
| 610 |
1 |
|
|a прибавочная стоимость
|
| 610 |
1 |
|
|a социализм
|
| 610 |
1 |
|
|a библиотека И. Н. Бутакова
|
| 610 |
1 |
|
|a владельческая надпись
|
| 686 |
|
|
|a Ю3(0)6-602.146
|v LBC/SL-A
|2 rubbk
|
| 686 |
|
|
|a У013.5
|v LBC/SL-A
|2 rubbk
|
| 700 |
|
1 |
|a Энгельс
|b Ф.
|c немецкий мыслитель и общественный деятель
|c один из основоположников марксизма
|f 1820-1895
|g Фридрих
|2 stltpush
|3 (RuTPU)RU\TPU\pers\530
|9 250
|
| 801 |
|
1 |
|a RU
|b 63413507
|c 20040315
|g PSBO
|
| 801 |
|
2 |
|a RU
|b 63413507
|c 20201123
|g PSBO
|
| 942 |
|
|
|c BK
|